LEADER 05598nam 2200661 450 001 9910817111703321 005 20230803205629.0 010 $a90-272-6934-3 035 $a(CKB)3710000000262182 035 $a(EBL)1820690 035 $a(SSID)ssj0001349874 035 $a(PQKBManifestationID)12537861 035 $a(PQKBTitleCode)TC0001349874 035 $a(PQKBWorkID)11289335 035 $a(PQKB)10043106 035 $a(MiAaPQ)EBC1820690 035 $a(EXLCZ)993710000000262182 100 $a20141031h20142014 uy 0 101 0 $aeng 135 $aur|n|---||||| 181 $ctxt 182 $cc 183 $acr 200 00$aEducating in dialog $econstructing meaning and building knowledge with dialogic technology /$fedited by Sebastian Feller, Ilker Yengin 210 1$aAmsterdam, The Netherlands ;$aPhiladelphia, Pennsylvania :$cJohn Benjamins B.V.,$d2014. 210 4$dİ2014 215 $a1 online resource (268 p.) 225 1 $aDialogue Studies,$x1875-1792 ;$vVolume 24 300 $aDescription based upon print version of record. 311 $a1-322-31724-0 311 $a90-272-1041-1 320 $aIncludes bibliographical references and index. 327 $aEducating in Dialog; Editorial page; Title page; LCC data; Dedication page; Table of contents; Preface; References; About the authors; Part I. A constructivist approach to dialogic teaching and learning: Knowledge as social construction; Education and our conversations about, with and through technology; 1. Introduction; 2. Conversation about technology: Technology changes how we think; 2.1 Knowledge and Ways of Thinking - what is valued and what is lost/devalued; 2.2 Technology and control of the environment; 2.3 Technology as enculturation and globalization 327 $a2.4 How technology interferes with democracy2.5 Technology and equity; 3. Conversation with technology: Trying to negotiate with and control the technology; 3.1 Design drives the logic and bias of technology; 3.2 Technology steers the conversation to facts; 3.3 Relationships are mediated by technology; 3.4 Actions for educators; 4. Conversation through technology: How we dialogue with each other using technology; 4.1 Distance; 4.2 Time; 4.3 Audience; 4.4 Implications for educators; 5. Conclusion; References; Author's address; Understanding and explaining; Introduction; Understanding 327 $aExplainingConsequences; Conclusion; References; Author's address; The why dimension, dialogic inquiry, and technology supported learning; Introduction; Inquiry and learning; Dialogue, learning and technology; Dialogic inquiry; Philosophical considerations; Epistemology, ontology and paradigm; Changing paradigms; Becoming to know; Questions and Inquiry; Sense-making; Knowledge modeling; Conclusion; References; Author's address; Part II. Learner-centered pedagogy: Building knowledge and constructing mea; Dialogue-oriented analysis of constructivist teaching and learning within a UK company 327 $a1. Introduction2. Context; 2.1 Background; 2.2 A model for a constructivist learning dialogue; 2.3 Case study: MCQs for trade test knowledge check on high voltage cable jointing skills; 3. Investigations of Manual MCQ-Creation using the constructivist learning dialogue model; 4. Products from constructivist learning dialogue; 4.1 The CAREGen methodology for MCQ-Creation; 4.2.1 Step 1 - Define Objective of the MCQ routine in a CSLO; 4.2.2 Step 2 - Identify the most appropriate source documents; 4.2 Applying CAREGen to create MCQs in the HV Cable Jointing domain 327 $a4.2.3 Step 3 - Explicate (and if necessary Add) Coherence Relations for sentences that meet the selection criteria and then re-workthem into CRST-compliant CSLOs4.2.4 Step 4 - Extract candidate antonym pairs for each of the identified sentences; 4.2.5 Step 5 - Apply construal operations in the context of identified antonym pairs; 4.2.6 Step 6 - Generate AC item sets by inserting generated components into a MAC template; 5. Recommendations; 6. Conclusions; References; Author's address; Appendix; Programme 327 $aExploring the opportunities of social media to build knowledge in learner-centered Indigenous learning spaces 330 $aIn this paper, I develop a view of teaching and learning as explorative actiongames (TaLEAG). The concept of the action game is borrowed from Weigand's(2010) Theory of Dialogic Action Games or Mixed Game Model (MGM). TheMGM rests on two basic assumptions: communication is dialogic and languageis action. These two assumptions are adapted to teaching and learning in generaland to what I call explorative action games in particular. The ensuing discussionrevolves around the question of how educational technology should be designedin order to facilitate learning in the context of explorative action 410 0$aDialogue studies ;$vVolume 24. 606 $aDialogue analysis$xData processing 606 $aDialogue analysis$xTechnical innovations 606 $aCommunication in education$xTechnological innovations 606 $aDistance education 615 0$aDialogue analysis$xData processing. 615 0$aDialogue analysis$xTechnical innovations. 615 0$aCommunication in education$xTechnological innovations. 615 0$aDistance education. 676 $a371.35/8 702 $aFeller$b Sebastian 702 $aYengin$b Ilker 801 0$bMiAaPQ 801 1$bMiAaPQ 801 2$bMiAaPQ 906 $aBOOK 912 $a9910817111703321 996 $aEducating in dialog$94010333 997 $aUNINA LEADER 02934oam 2200493zu 450 001 9911006511803321 005 20240416061041.0 010 $a1-62870-067-X 035 $a(CKB)2670000000212502 035 $a(SSID)ssj0000813125 035 $a(PQKBManifestationID)12379380 035 $a(PQKBTitleCode)TC0000813125 035 $a(PQKBWorkID)10768168 035 $a(PQKB)11352287 035 $a(NjHacI)992670000000212502 035 $a(MiAaPQ)EBC3050416 035 $a(BIP)28647714 035 $a(EXLCZ)992670000000212502 100 $a20160829d2012 uy 101 0 $aeng 135 $aur||||||||||| 181 $ctxt 182 $cc 183 $acr 200 10$aTheory of Structure and Mechanics of Fibrous Assemblies and Yarns 210 31$a[Place of publication not identified]$cWoodhead Publishing Limited$d2012 215 $a1 online resource (xii, 324 pages) $cillustrations 225 1 $aWoodhead Publishing India in textiles 300 $aBibliographic Level Mode of Issuance: Monograph 311 08$a1-84569-791-X 320 $aIncludes bibliographical references and index. 327 $aIntro -- Preface -- Contents -- Introduction to fibers and fibrous assemblies -- 1 Basic properties of single fibers and fibrous assemblies -- 2 Pores in fibrous assemblies -- 3 Arrangement of fibers - fiber orientation -- 4 Fiber-to-fiber contacts -- 5 Compression behavior of fibrous assemblies -- 6 Mechanics of parallel fiber bundles -- 7 Mechanics of non-parallel fiber bundles -- Appendix 1 -- Appendix 2 Function (ex - 1) -- Appendix 3 Useful terms and quantities in mechanics -- Appendix 4 Derivative of deformation energy -- Appendix 5 Angular utilization coefficient of special alternative to simple planar bundle -- Index. 330 $aThis book discusses a system of theoretically derived inherent laws of fibrous assemblies. It includes original results of theoretical research carried out on fibrous assemblies. The topics of this book include fiber and pore characteristics in fibrous assemblies, fiber packing density and fiber orientation in fibrous assemblies, tensile behavior of fiber bundles and multiaxial systems, fiber-to-fiber contacts and compression behavior of fibrous assemblies. The chapters of this book are started with definitions, terminologies and fundamental relations. Then the theoretical models are presented from initial assumptions through mathematical derivations to final relations. Such theoretical results are mostly compared with experimental results. 410 0$aWoodhead Publishing India in textiles. 606 $aTextile fabrics$xTesting 615 0$aTextile fabrics$xTesting. 676 $a677.02862 700 $aNeckar$b Bohuslav$0921238 702 $aDas$b Dipayan 801 0$bPQKB 906 $aBOOK 912 $a9911006511803321 996 $aTheory of Structure and Mechanics of Fibrous Assemblies and Yarns$94388310 997 $aUNINA